000
003220000a22001450004500
001
005685
003
MACL
040
_a
MACL
090
_c
17678
_d
17677
245
_a
Mufeed ul Khwateen
_b
Rao Manik Vitthal Rao
260
_a
Shamsul Matabe Hyderabad De
350
_a
3.00
650
_a
Urdu Literature
942
_k
891
_c
Book
999
_c
17567
_d
17567